| 000 | 00361nam a2200145Ia 4500 | ||
|---|---|---|---|
| 008 | 200103s9999||||xx |||||||||||||| ||und|| | ||
| 040 | _aIMU-MPC | ||
| 082 | _aColumn-50 | ||
| 100 | _aBenson, F. A. | ||
| 245 | 0 | _aProblems in Electronics with Solutions | |
| 250 | _a2nd ed. | ||
| 260 |
_bE. & F. N. Spon Ltd., London _c1961 |
||
| 300 | _axvi, 249 | ||
| 942 | _cBK | ||
| 999 |
_c9776 _d9776 |
||